Strange Magic - Songs by Character - Statistics

General Stats
  • This quiz has been taken 19 times
  • The average score is 10 of 12
Answer Stats
Character(s) Song Title % Correct
Marianne Never Fall in Love Again
100%
Marianne & Rowland Can't Help Falling in Love
90%
Rowland & Marianne C'mon Marianne / Stronger
90%
Marianne & Bog King Strange Magic
90%
All Cast Tell Him / Wild Thing
90%
Dawn I Can't Help Myself(Sugar Pie Honey Bunch)
80%
Sugar Plum Fairy Love is Strange
80%
Bog King Mistreated
80%
Marianne & Bog King Straight On
80%
Sunny & Dawn Three Little Birds
80%
Bog King Trouble
60%
Sunny Say Hey
50%
No matching quizzes found
Score Distribution
Percent of People with Each Score
Percentile by Number Answered
Your Score History
You have not taken this quiz